000 00306nam a22001337a 4500
020 _a8175156368
082 _a624.171
_bPRA/ST
100 _aPrasad,V.S
_9634
245 _aStructural Analysis
250 _a3 rd
260 _aNew Delhi
_bGalgotia Publications Pvt.Ltd
_c2011
300 _a546
942 _cBK
999 _c14392
_d14392